000
00210 a2200097 4500
001
42185
100
_a
Chinery M
245
_a
Concise Encyclopedia of Nature
260
_a
_b
Purnell
_c
090
_c
26173
_d
26173
942
_a
NUST-CAE
_c
M
_c
17973
999
_c
277258
_d
277258